[Event "Nova Odessa Cup"]
[Site "Nova Odessa"]
[Date "2012.01.28"]
[Round "2"]
[White "Fujishima, Edson"]
[Black "Dias, Sergio S"]
[Result "1/2-1/2"]
[WhiteElo "1820"]
[BlackElo "2098"]
[PlyCount "61"]
[EventDate "2012.01.28"]
[EventType "swiss"]
[EventRounds "5"]
[EventCountry "BRA"]
[SourceTitle "EXT 2013"]
[Source "ChessBase"]
[SourceDate "2012.11.22"]
[SourceVersion "1"]
[SourceVersionDate "2012.11.22"]
[SourceQuality "1"]

1. d4 f5 2. Nf3 Nf6 3. c4 e6 4. Nc3 Be7 5. g3 0-0 6. Bg2 c6 7. 0-0 d5 8. cxd5 cxd5 9. b3 Nbd7 10. Bb2 Ne4 11. Qd3 Ndf6 12. Rac1 a6 13. Na4 Bd6 14. Rc2 Ng4 15. e3 b5 16. Nc5 Rf6 17. h3 Nh6 18. Ne5 b4 19. Rfc1 Bxe5 20. dxe5 Rf8 21. Nxe4 fxe4 22. Qd4 a5 23. Rc7 Rf7 24. Rxf7 Kxf7 25. Bxe4 Bb7 26. Bxh7 g6 27. Qd3 Nf5 28. g4 Ne7 29. h4 Ba6 30. Qb1 Qh8 31. Bxg6+ 1/2-1/2

[Event "Campinas 06"]
[Site "Campinas"]
[Date "2009.07.04"]
[Round "14"]
[White "De Moraes, Francisco Jose Baen"]
[Black "Fujishima, Edson"]
[Result "1-0"]
[WhiteElo "1985"]
[BlackElo "1830"]
[PlyCount "71"]
[EventDate "2009.06.05"]
[EventType "tourn"]
[EventRounds "14"]
[EventCountry "BRA"]
[SourceTitle "EXT 2012"]
[Source "ChessBase"]
[SourceDate "2011.11.24"]
[SourceVersion "1"]
[SourceVersionDate "2011.11.24"]
[SourceQuality "1"]

1. e4 c6 2. d4 d5 3. Nc3 dxe4 4. Nxe4 Nd7 5. Ng5 Ngf6 6. Bd3 e6 7. N1f3 h6 8. Ne4 Be7 9. 0-0 c5 10. dxc5 Nxe4 11. Bxe4 Bxc5 12. Qe2 0-0 13. Rd1 Qc7 14. c3 Nf6 15. Bc2 Bd7 16. h3 Bc6 17. Ne5 Rfd8 18. Nxc6 Qxc6 19. Be3 Nd5 20. Bxc5 Qxc5 21. Qd3 g6 22. Qg3 Ne7 23. Qf3 b5 24. Rxd8+ Rxd8 25. Rd1 Rxd1+ 26. Qxd1 Nd5 27. Qg4 Kg7 28. Bd3 b4 29. c4 Nf6 30. Qe2 Qd4 31. Qc2 e5 32. Be2 Nd7 33. Qd1 Qxb2 34. Bg4 Nf6 35. Qe2 Nxg4 36. Qxb2 1-0

[Event "Campinas 06"]
[Site "Campinas"]
[Date "2009.06.26"]
[Round "10"]
[White "Goncalves, Marcus Vinicius M"]
[Black "Fujishima, Edson"]
[Result "1/2-1/2"]
[WhiteElo "1813"]
[BlackElo "1830"]
[PlyCount "92"]
[EventDate "2009.06.05"]
[EventType "tourn"]
[EventRounds "14"]
[EventCountry "BRA"]
[SourceTitle "EXT 2012"]
[Source "ChessBase"]
[SourceDate "2011.11.24"]
[SourceVersion "1"]
[SourceVersionDate "2011.11.24"]
[SourceQuality "1"]

1. e4 c6 2. d4 d5 3. Nc3 dxe4 4. Nxe4 Nd7 5. Bc4 Ngf6 6. Ng5 e6 7. Qe2 Nb6 8. Bxe6 Bxe6 9. Nxe6 fxe6 10. Qxe6+ Qe7 11. Qxe7+ Bxe7 12. Nf3 0-0-0 13. 0-0 Nfd5 14. c3 c5 15. dxc5 Bxc5 16. Bg5 Rde8 17. c4 Nb4 18. a3 Nd3 19. b4 Nxb4 20. axb4 Bxb4 21. Rxa7 Bc5 22. Ra5 Nd7 23. Ra8+ Kc7 24. Rxe8 Rxe8 25. Re1 Rxe1+ 26. Nxe1 Ne5 27. Bf4 Bd6 28. Bxe5 Bxe5 29. Nd3 Kd6 30. f4 Bd4+ 31. Kf1 h5 32. Ke2 Ke6 33. g3 Bg1 34. h3 Kf5 35. Kf3 Bd4 36. g4+ hxg4+ 37. hxg4+ Kf6 38. Ke4 Bg1 39. Kd5 Be3 40. Kd6 g6 41. Kc7 b6 42. Kc6 Ke6 43. c5 bxc5 44. Nxc5+ Kf7 45. Nd3 Kf6 46. Kd5 Bxf4 1/2-1/2

[Event "Campinas 06"]
[Site "Campinas"]
[Date "2009.06.21"]
[Round "9"]
[White "Fujishima, Edson"]
[Black "Freire, Rodrigo da Silva"]
[Result "1/2-1/2"]
[WhiteElo "1830"]
[BlackElo "1857"]
[PlyCount "40"]
[EventDate "2009.06.05"]
[EventType "tourn"]
[EventRounds "14"]
[EventCountry "BRA"]
[SourceTitle "EXT 2022"]
[Source "ChessBase"]
[SourceDate "2021.10.06"]
[SourceVersion "1"]
[SourceVersionDate "2021.10.06"]
[SourceQuality "1"]

1. e4 c6 2. d4 d5 3. e5 Bf5 4. Nc3 e6 5. g4 Bg6 6. Nge2 c5 7. h4 cxd4 8. Nxd4 h5 9. f4 hxg4 10. Bb5+ Nd7 11. f5 Rxh4 12. Rf1 exf5 13. e6 fxe6 14. Nxe6 Qe7 15. Qe2 Kf7 16. Bxd7 Qxd7 17. Ng5+ Kf6 18. Nce4+ dxe4 19. Nxe4+ Kf7 20. Ng5+ Kf6 1/2-1/2

[Event "Campinas 06"]
[Site "Campinas"]
[Date "2009.06.20"]
[Round "7"]
[White "Fujishima, Edson"]
[Black "De Moraes, Francisco Jose Baen"]
[Result "0-1"]
[WhiteElo "1830"]
[BlackElo "1985"]
[PlyCount "60"]
[EventDate "2009.06.05"]
[EventType "tourn"]
[EventRounds "14"]
[EventCountry "BRA"]
[SourceTitle "EXT 2022"]
[Source "ChessBase"]
[SourceDate "2021.10.06"]
[SourceVersion "1"]
[SourceVersionDate "2021.10.06"]
[SourceQuality "1"]

1. e4 c6 2. d4 d5 3. Nc3 dxe4 4. Nxe4 Bf5 5. Ng3 Bg6 6. h4 h6 7. Nf3 Nd7 8. h5 Bh7 9. Bd3 Bxd3 10. Qxd3 Ngf6 11. Bf4 Qa5+ 12. Bd2 Qc7 13. 0-0-0 e6 14. Ne4 0-0-0 15. g3 Nc5 16. Nxc5 Bxc5 17. Bf4 Bd6 18. Bxd6 Rxd6 19. Qe2 Rhd8 20. Rh4 Rd5 21. c4 Rxh5 22. Rf4 Ra5 23. a3 Rf5 24. Rxf5 exf5 25. Re1 Re8 26. Ne5 Ng4 27. Qc2 g6 28. f4 f6 29. Nxg6 Rxe1+ 30. Kd2 Re4 0-1

[Event "Campinas LCX 13th"]
[Site "Campinas"]
[Date "2008.12.13"]
[Round "8"]
[White "Fujishima, Edson"]
[Black "Menezes Se, Daniel"]
[Result "1-0"]
[WhiteElo "1809"]
[BlackElo "1660"]
[PlyCount "83"]
[EventDate "2008.11.29"]
[EventType "tourn"]
[EventRounds "9"]
[EventCountry "BRA"]
[SourceTitle "EXT 2022"]
[Source "ChessBase"]
[SourceDate "2021.10.06"]
[SourceVersion "1"]
[SourceVersionDate "2021.10.06"]
[SourceQuality "1"]

1. d4 d5 2. Nf3 Nf6 3. c4 e6 4. Nc3 c6 5. e3 Nbd7 6. Be2 Be7 7. cxd5 exd5 8. 0-0 0-0 9. Qc2 Re8 10. Bd2 Nb6 11. Rab1 Bg4 12. h3 Bh5 13. b4 Bg6 14. Bd3 Bxd3 15. Qxd3 Nc4 16. b5 Rc8 17. bxc6 bxc6 18. Rb7 a5 19. Rfb1 Nd6 20. Ra7 Nde4 21. Ne5 Qd6 22. Nxe4 dxe4 23. Qc4 Qd5 24. Rbb7 Kf8 25. Bxa5 Rb8 26. Rxb8 Rxb8 27. Qxc6 Qxc6 28. Nxc6 Rb1+ 29. Kh2 Bd6+ 30. g3 g5 31. Kg2 g4 32. Bc7 gxh3+ 33. Kxh3 Bxc7 34. Rxc7 Rb2 35. Ne5 Rxf2 36. Rxf7+ Ke8 37. a4 Rf5 38. Kg2 h5 39. a5 Kd8 40. a6 Nd5 41. Rd7+ Kc8 42. Rxd5 1-0

[Event "Campinas LCX 13th"]
[Site "Campinas"]
[Date "2008.12.11"]
[Round "6"]
[White "Fujishima, Edson"]
[Black "Goncalves, Marcus Vinicius M"]
[Result "1/2-1/2"]
[WhiteElo "1809"]
[BlackElo "1807"]
[PlyCount "31"]
[EventDate "2008.11.29"]
[EventType "tourn"]
[EventRounds "9"]
[EventCountry "BRA"]
[SourceTitle "EXT 2022"]
[Source "ChessBase"]
[SourceDate "2021.10.06"]
[SourceVersion "1"]
[SourceVersionDate "2021.10.06"]
[SourceQuality "1"]

1. d4 Nf6 2. c4 g6 3. Nc3 d5 4. cxd5 Nxd5 5. Nf3 Bg7 6. e3 0-0 7. Be2 c5 8. Bc4 Nxc3 9. bxc3 cxd4 10. cxd4 Qa5+ 11. Qd2 Qxd2+ 12. Bxd2 Nc6 13. Ke2 e5 14. dxe5 Nxe5 15. Nxe5 Bxe5 16. Rac1 1/2-1/2

[Event "Campinas LCX 13th"]
[Site "Campinas"]
[Date "2008.12.06"]
[Round "5"]
[White "Pereira, Marcio Machado"]
[Black "Fujishima, Edson"]
[Result "0-1"]
[WhiteElo "1639"]
[BlackElo "1809"]
[PlyCount "32"]
[EventDate "2008.11.29"]
[EventType "tourn"]
[EventRounds "9"]
[EventCountry "BRA"]
[SourceTitle "EXT 2022"]
[Source "ChessBase"]
[SourceDate "2021.10.06"]
[SourceVersion "1"]
[SourceVersionDate "2021.10.06"]
[SourceQuality "1"]

1. e4 c6 2. Nf3 d5 3. exd5 cxd5 4. Ne5 Nc6 5. d4 Nxe5 6. dxe5 e6 7. Bd3 Ne7 8. 0-0 Nc6 9. f4 f5 10. exf6 Qxf6 11. Nc3 Bc5+ 12. Kh1 0-0 13. Qe2 Nd4 14. Qd1 Nf5 15. Qe2 Ng3+ 16. hxg3 Qh6+ 0-1

[Event "Campinas LCX 13th"]
[Site "Campinas"]
[Date "2008.12.05"]
[Round "3"]
[White "Fujishima, Edson"]
[Black "Freire, Rodrigo da Silva"]
[Result "0-1"]
[WhiteElo "1809"]
[BlackElo "1864"]
[PlyCount "48"]
[EventDate "2008.11.29"]
[EventType "tourn"]
[EventRounds "9"]
[EventCountry "BRA"]
[SourceTitle "EXT 2022"]
[Source "ChessBase"]
[SourceDate "2021.10.06"]
[SourceVersion "1"]
[SourceVersionDate "2021.10.06"]
[SourceQuality "1"]

1. d4 d5 2. c4 c6 3. Nc3 Nf6 4. Nf3 e6 5. Bg5 dxc4 6. e3 b5 7. a4 Bb4 8. Be2 h6 9. Bxf6 gxf6 10. 0-0 a5 11. Ne4 Rg8 12. Rc1 Bb7 13. Ng3 Nd7 14. e4 Bd6 15. axb5 cxb5 16. d5 exd5 17. exd5 Ne5 18. Nd4 Qd7 19. Ndf5 Bf8 20. Qd2 Qxd5 21. Qxd5 Bxd5 22. Nd4 Rb8 23. f4 Bc5 24. Ngf5 Rxg2+ 0-1

[Event "Campinas IRT LCX 06th"]
[Site "Campinas"]
[Date "2008.04.27"]
[Round "9"]
[White "De Moraes, Francisco Jose Baen"]
[Black "Fujishima, Edson"]
[Result "1-0"]
[WhiteElo "1928"]
[BlackElo "1864"]
[PlyCount "33"]
[EventDate "2008.04.03"]
[EventType "tourn"]
[EventRounds "11"]
[EventCountry "BRA"]
[SourceTitle "EXT 2022"]
[Source "ChessBase"]
[SourceDate "2021.10.06"]
[SourceVersion "1"]
[SourceVersionDate "2021.10.06"]
[SourceQuality "1"]

1. Nf3 Nf6 2. c4 g6 3. d4 Bg7 4. Nc3 d5 5. Bf4 0-0 6. e3 c5 7. dxc5 Na6 8. cxd5 Nxc5 9. Be2 Qa5 10. 0-0 Nh5 11. Be5 Nf6 12. a3 Ncd7 13. b4 Qd8 14. Bd4 Nb6 15. e4 e6 16. d6 Qxd6 17. e5 1-0

[Event "Campinas IRT LCX 06th"]
[Site "Campinas"]
[Date "2008.04.20"]
[Round "8"]
[White "Fujishima, Edson"]
[Black "De Campos, Joao Manuel"]
[Result "0-1"]
[WhiteElo "1864"]
[BlackElo "1902"]
[PlyCount "50"]
[EventDate "2008.04.03"]
[EventType "tourn"]
[EventRounds "11"]
[EventCountry "BRA"]
[SourceTitle "EXT 2022"]
[Source "ChessBase"]
[SourceDate "2021.10.06"]
[SourceVersion "1"]
[SourceVersionDate "2021.10.06"]
[SourceQuality "1"]

1. d4 Nf6 2. Nf3 d5 3. c4 e6 4. Nc3 Be7 5. cxd5 exd5 6. Bg5 Nbd7 7. e3 0-0 8. Bd3 c6 9. Qc2 Re8 10. 0-0 h6 11. Bh4 Ne4 12. Nxe4 dxe4 13. Bxe4 Bxh4 14. Nxh4 Qxh4 15. Bf3 Nf6 16. g3 Qh3 17. Qe2 Bg4 18. Rfc1 Bxf3 19. Qxf3 Ne4 20. Rc2 Qe6 21. b4 a5 22. Rb2 axb4 23. Rxb4 b5 24. Qe2 Ra3 25. Kg2 Rea8 0-1

[Event "Campinas IRT LCX 06th"]
[Site "Campinas"]
[Date "2008.04.03"]
[Round "1"]
[White "Fujishima, Edson"]
[Black "Labegalini, Antonio Luiz"]
[Result "0-1"]
[WhiteElo "1864"]
[BlackElo "1882"]
[PlyCount "56"]
[EventDate "2008.04.03"]
[EventType "tourn"]
[EventRounds "11"]
[EventCountry "BRA"]
[SourceTitle "EXT 2022"]
[Source "ChessBase"]
[SourceDate "2021.10.06"]
[SourceVersion "1"]
[SourceVersionDate "2021.10.06"]
[SourceQuality "1"]

1. d4 d5 2. Nf3 Nf6 3. c4 dxc4 4. a4 e6 5. e3 b6 6. Bxc4 Ba6 7. Qe2 Bb7 8. 0-0 Be7 9. Nc3 0-0 10. Rd1 c6 11. e4 Qc8 12. Bg5 Re8 13. e5 Nd5 14. Nxd5 Bxg5 15. Nxg5 cxd5 16. Qh5 dxc4 17. Qxh7+ Kf8 18. Qh8+ Ke7 19. Qxg7 Bd5 20. Nxf7 Rg8 21. Qh7 Rxg2+ 22. Kf1 Qg8 23. Qh4+ Kxf7 24. Ra3 Rg1+ 25. Ke2 Qg4+ 26. Qxg4 Rxg4 27. Rg3 Rxg3 28. fxg3 Nc6 0-1

[Event "Campinas IRT LCX 05th"]
[Site "Campinas"]
[Date "2008.03.30"]
[Round "7"]
[White "Goncalves, Marcus Vinicius M"]
[Black "Fujishima, Edson"]
[Result "0-1"]
[WhiteElo "1779"]
[BlackElo "1864"]
[PlyCount "90"]
[EventDate "2008.03.21"]
[EventType "tourn"]
[EventRounds "13"]
[EventCountry "BRA"]
[SourceTitle "EXT 2022"]
[Source "ChessBase"]
[SourceDate "2021.10.06"]
[SourceVersion "1"]
[SourceVersionDate "2021.10.06"]
[SourceQuality "1"]

1. d4 Nf6 2. Nf3 g6 3. g3 Bg7 4. Bg2 0-0 5. c4 d6 6. 0-0 Nbd7 7. Nc3 c5 8. d5 a6 9. a4 Rb8 10. Rb1 Qa5 11. Bd2 Ng4 12. Qc2 Nge5 13. Nxe5 Nxe5 14. b3 Qc7 15. e4 Bd7 16. f4 Ng4 17. Ne2 b5 18. Qd3 bxa4 19. bxa4 Bxa4 20. Qa3 Bc2 21. Rxb8 Rxb8 22. Qxa6 Bd3 23. Re1 Qb7 24. Qxb7 Rxb7 25. Bf3 Rb2 26. Bc3 Bxc3 27. Nxc3 Nxh2 28. Be2 Bxe2 29. Rxe2 Rxe2 30. Nxe2 Nf3+ 31. Kf2 Nd2 32. Nc3 Nxc4 33. Ke2 h5 34. Na4 Kf8 35. Kd3 Na5 36. e5 f6 37. Ke4 fxe5 38. fxe5 Kf7 39. e6+ Kf6 40. Nc3 g5 41. Nb5 Nc4 42. Nc7 Nb6 43. Ne8+ Kg6 44. Nc7 c4 45. Kd4 h4 0-1

[Event "Campinas IRT LCX 05th"]
[Site "Campinas"]
[Date "2008.03.22"]
[Round "3"]
[White "Fujishima, Edson"]
[Black "De Moraes, Francisco Jose Baen"]
[Result "0-1"]
[WhiteElo "1864"]
[BlackElo "1928"]
[PlyCount "82"]
[EventDate "2008.03.21"]
[EventType "tourn"]
[EventRounds "13"]
[EventCountry "BRA"]
[SourceTitle "EXT 2022"]
[Source "ChessBase"]
[SourceDate "2021.10.06"]
[SourceVersion "1"]
[SourceVersionDate "2021.10.06"]
[SourceQuality "1"]

1. d4 Nf6 2. Nf3 g6 3. g3 Bg7 4. Bg2 d6 5. c4 0-0 6. 0-0 c6 7. Nc3 Nbd7 8. Qc2 e5 9. h3 Re8 10. e4 Nh5 11. d5 Nb6 12. b3 cxd5 13. cxd5 Bd7 14. Be3 Rc8 15. Rfc1 f5 16. Qd3 f4 17. Bxb6 Qxb6 18. g4 Nf6 19. Nd2 h5 20. g5 Nh7 21. h4 Bf8 22. Nc4 Qa6 23. Bf1 b6 24. Rab1 Qb7 25. Rc2 Qc7 26. Nd2 Qd8 27. Nf3 Bg4 28. Rbc1 Qd7 29. Nb5 Rxc2 30. Rxc2 a6 31. Na3 Rc8 32. Nd2 Rxc2 33. Nxc2 Bd1 34. Nb4 Qg4+ 35. Bg2 Qxh4 36. Nf3 Bxf3 37. Bxf3 Qxg5+ 38. Kf1 a5 39. Nc6 Qh4 40. Qa6 Ng5 41. Bd1 Qh1+ 0-1

[Event "Campinas IRT LCX 05th"]
[Site "Campinas"]
[Date "2008.03.22"]
[Round "2"]
[White "Souza Pinto, Marcelo Kim Man"]
[Black "Fujishima, Edson"]
[Result "1-0"]
[WhiteElo "1909"]
[BlackElo "1864"]
[PlyCount "61"]
[EventDate "2008.03.21"]
[EventType "tourn"]
[EventRounds "13"]
[EventCountry "BRA"]
[SourceTitle "EXT 2022"]
[Source "ChessBase"]
[SourceDate "2021.10.06"]
[SourceVersion "1"]
[SourceVersionDate "2021.10.06"]
[SourceQuality "1"]

1. e4 c6 2. d4 d5 3. e5 Bf5 4. Nc3 e6 5. g4 Bg6 6. Nge2 Bb4 7. Ng3 Bxc3+ 8. bxc3 c5 9. h4 h5 10. f4 hxg4 11. Qxg4 Nh6 12. Qh3 cxd4 13. Bd3 Bxd3 14. cxd3 Qa5 15. Ke2 Qxc3 16. Bd2 Qc8 17. Rac1 Nc6 18. Nh5 Nf5 19. Qg4 Kf8 20. Bb4+ Ke8 21. Nxg7+ Kd7 22. Nxf5 Qg8 23. Qxg8 Raxg8 24. Nd6 Nxb4 25. Rb1 Nxa2 26. Rxb7+ Kd8 27. Nxf7+ Kc8 28. Nd6+ Kd8 29. f5 Rg2+ 30. Kf1 Rhg8 31. fxe6 1-0

[Event "Campinas IRT 4th"]
[Site "Campinas"]
[Date "2007.11.09"]
[Round "2"]
[White "Fujishima, Edson"]
[Black "Martinez, Carlos Alejandro"]
[Result "0-1"]
[WhiteElo "1888"]
[BlackElo "2429"]
[PlyCount "50"]
[EventDate "2007.11.03"]
[EventType "tourn"]
[EventRounds "11"]
[EventCountry "BRA"]
[SourceTitle "EXT 2022"]
[Source "ChessBase"]
[SourceDate "2021.10.06"]
[SourceVersion "1"]
[SourceVersionDate "2021.10.06"]
[SourceQuality "1"]

1. d4 Nf6 2. Nf3 c5 3. d5 d6 4. Nc3 g6 5. e4 Bg7 6. h3 0-0 7. Be3 b5 8. Bxb5 Nxe4 9. Qd3 Nxc3 10. bxc3 Bf5 11. Qc4 Nd7 12. Bxd7 Qxd7 13. g4 Bxc2 14. Rc1 Ba4 15. Rb1 Rab8 16. Kd2 e5 17. Ng5 h6 18. Ne4 f5 19. Nxc5 dxc5 20. Bxc5 Rfc8 21. Rxb8 Rxb8 22. d6+ Kh7 23. Bb4 a5 24. Ba3 Rc8 25. Qd5 Bc6 0-1

[Event "Campinas IRT 1st"]
[Site "Campinas"]
[Date "2007.04.11"]
[Round "7"]
[White "De Sousa, Lucas Mazim"]
[Black "Fujishima, Edson"]
[Result "1/2-1/2"]
[WhiteElo "1717"]
[BlackElo "1888"]
[PlyCount "36"]
[EventDate "2007.04.11"]
[EventType "tourn"]
[EventRounds "18"]
[EventCountry "BRA"]
[SourceTitle "EXT 2022"]
[Source "ChessBase"]
[SourceDate "2021.10.06"]
[SourceVersion "1"]
[SourceVersionDate "2021.10.06"]
[SourceQuality "1"]

1. d4 d5 2. c4 e6 3. Nc3 Nf6 4. cxd5 exd5 5. Bf4 c6 6. e3 Bd6 7. Bxd6 Qxd6 8. h3 0-0 9. Nf3 Bf5 10. Bd3 Bxd3 11. Qxd3 Nbd7 12. 0-0 Rfe8 13. Rab1 Ne4 14. Qc2 Nxc3 15. Qxc3 Nf6 16. Qc2 Ne4 17. Nd2 Nxd2 18. Qxd2 a5 1/2-1/2

[Event "Campinas IRT 1st"]
[Site "Campinas"]
[Date "2007.04.11"]
[Round "16"]
[White "Fujishima, Edson"]
[Black "De Sousa, Lucas Mazim"]
[Result "1/2-1/2"]
[WhiteElo "1888"]
[BlackElo "1717"]
[PlyCount "50"]
[EventDate "2007.04.11"]
[EventType "tourn"]
[EventRounds "18"]
[EventCountry "BRA"]
[SourceTitle "EXT 2022"]
[Source "ChessBase"]
[SourceDate "2021.10.06"]
[SourceVersion "1"]
[SourceVersionDate "2021.10.06"]
[SourceQuality "1"]

1. d4 Nf6 2. c4 e6 3. Nf3 b6 4. g3 Bb7 5. Bg2 Be7 6. 0-0 0-0 7. Nc3 Ne4 8. Nxe4 Bxe4 9. Ne1 Bxg2 10. Kxg2 d5 11. cxd5 Qxd5+ 12. Nf3 Nc6 13. e3 Bf6 14. b3 e5 15. dxe5 Qxd1 16. Rxd1 Nxe5 17. Bb2 Nxf3 18. Bxf6 Nxh2 19. Kxh2 gxf6 20. Rd7 Rac8 21. Rad1 Rfe8 22. Kg2 Kf8 23. Rh1 Re7 24. Rxe7 Kxe7 25. Rxh7 c5 1/2-1/2

[Event "Campinas IRT 1st"]
[Site "Campinas"]
[Date "2007.04.11"]
[Round "9"]
[White "Fujishima, Edson"]
[Black "De Sousa, Matheus Mazim"]
[Result "1/2-1/2"]
[WhiteElo "1888"]
[BlackElo "1825"]
[PlyCount "84"]
[EventDate "2007.04.11"]
[EventType "tourn"]
[EventRounds "18"]
[EventCountry "BRA"]
[SourceTitle "EXT 2022"]
[Source "ChessBase"]
[SourceDate "2021.10.06"]
[SourceVersion "1"]
[SourceVersionDate "2021.10.06"]
[SourceQuality "1"]

1. d4 d5 2. c4 dxc4 3. Qa4+ c6 4. Qxc4 Nf6 5. Nc3 Bf5 6. Bg5 Nbd7 7. Nf3 e6 8. e3 Be7 9. Be2 0-0 10. 0-0 h6 11. Bf4 Nb6 12. Qb3 Nfd5 13. Bg3 Nxc3 14. bxc3 c5 15. Rfc1 Bd6 16. a4 Bxg3 17. hxg3 Qc7 18. a5 Nd7 19. Nd2 b6 20. axb6 axb6 21. Bf3 Ra7 22. Be4 Bxe4 23. Nxe4 Rfa8 24. Rxa7 Qxa7 25. Nd6 Qc7 26. Nc4 Qa7 27. Rb1 cxd4 28. cxd4 Rb8 29. Qb5 Nf6 30. Qc6 Nd5 31. e4 Nc3 32. Rxb6 Rxb6 33. Nxb6 Ne2+ 34. Kh2 Nxd4 35. Qe8+ Kh7 36. Nd7 Nf3+ 37. gxf3 Qxf2+ 38. Kh3 Qf1+ 39. Kg4 h5+ 40. Kf4 Qc1+ 41. Ke5 Qc3+ 42. Kf4 Qd2+ 1/2-1/2

[Event "Campinas IRT 1st"]
[Site "Campinas"]
[Date "2007.04.11"]
[Round "15"]
[White "Martinez, Janine"]
[Black "Fujishima, Edson"]
[Result "1-0"]
[WhiteElo "1871"]
[BlackElo "1888"]
[PlyCount "47"]
[EventDate "2007.04.11"]
[EventType "tourn"]
[EventRounds "18"]
[EventCountry "BRA"]
[SourceTitle "EXT 2022"]
[Source "ChessBase"]
[SourceDate "2021.10.06"]
[SourceVersion "1"]
[SourceVersionDate "2021.10.06"]
[SourceQuality "1"]

1. d4 Nf6 2. Nf3 g6 3. c4 d5 4. cxd5 Nxd5 5. e4 Nf6 6. Nc3 Bg7 7. Be2 0-0 8. 0-0 e6 9. Bg5 Nbd7 10. e5 h6 11. exf6 Nxf6 12. Bh4 g5 13. Bg3 c6 14. Ne5 Nd5 15. Qd3 f5 16. f4 Bxe5 17. dxe5 g4 18. h3 h5 19. hxg4 hxg4 20. Bxg4 fxg4 21. Qg6+ Kh8 22. Kf2 Qb6+ 23. Ke1 Qe3+ 24. Ne2 1-0